000 00515nam a22001937a 4500
003 KOHA_MİRAKIL
005 20251221162412.0
008 251221b tu ||||| |||| 00| 0 tur d
020 _a9786051963655
040 _aTR-AnABB
_btur
_cTR-AnABB
041 _atur
082 _a305.23509561
_bGUN 2019
100 1 _aGüner, Berrin,
245 1 0 _aGençlik ve sosyal kimlik /
260 _aİstanbul :
_bÇizgi Kitabevi,
_c2019
300 _a368 sayfa ;
_c21 cm
650 0 4 _aGençlik
942 _2ddc
_cBK
999 _c9870
_d9870
900 _bGizem YORULMAZ